Gaming Quiz

Random Gaming or Console Quiz

The Last: Gaming Quiz Stats

 Plays Quiz Updated Oct 3, 2019

Score 0/15 Timer 06:00
10 Plays Today
Question Answer Wrong Answers
Last move in a chess match called? Checkmate
98.2%
Assassination
0.5%
Castling
0.5%
Board flipping
0.4%
Last of these video games to hit the arcades? Mortal Kombat
92.8%
Space Invaders
2.2%
Pong
1.3%
Pac-Man
2.5%
Last of these consoles to be released by Nintendo? Switch
85%
Game Boy
2.3%
MegaDrive
5.2%
N64
4.3%
Last property on a Monopoly board? Mayfair/Boardwalk
76.1%
Park Lane/Park Place
17.2%
Regent Street/Pacific Avenue
4%
Liverpool Street Station/Short Line
2.5%
Famous last message to Mario in seven Worlds of Super Mario Bros? Our princess is in another castle
70.2%
You tried hard, but you failed
8.8%
I don't want to be rescued
11%
All your base are belong to us
5.6%
Last of these little friends to be introduced? Furby
69.4%
Care Bears
9.4%
Paddington Bear
7.9%
Steiff teddy bears
9.1%
Last boss to be beaten in Wolfenstein 3D? Mecha-Hitler
65.2%
Vampyr-Goebbels
10%
Psycho-Stalin
9.5%
Zombie-Mussolini
10.3%
Last of these Legend of Zelda games to be released? Breath of the Wild
62.5%
The Adventure of Link
7.4%
Ocarina of Time
14.5%
Majora's Mask
11.9%
Last of these classic board games to be developed? Scrabble
62.1%
Backgammon
3.9%
Chess
1.1%
Go
29.4%
'Last' game which has garnered over 240 Game of the Year awards? The Last of Us
59.9%
The Last Warrior
20.4%
Last Chance Saloon
9.3%
The Last Lost List of Lust
5.1%
Last evolution level of the first Generation 1 Pokémon? Venusaur
54.5%
Bulbasaur
21.3%
Ivysaur
11%
Allosaur
8.6%
Last of these toys to go on the market? Playmobil
51.3%
Lego
18.6%
Silly-Putty
20.4%
Play-Doh
7.8%
Last stage of a Texas Hold-em poker game? The River
47.9%
The Flop
23.4%
The Turn
19.6%
Deal hole cards
6.4%
Last doll to be introduced? Cabbage Patch Kids
36.5%
Raggedy Ann
5.1%
Tiny Tears
37.1%
Barbie
16.3%
Last of these games to go on sale? Hungry Hungry Hippos
28.4%
Buckaroo!
26.2%
Kerplunk!
25.5%
Operation
15.1%

You're not logged in!

Compare scores with friends on all Sporcle quizzes.
OR
Log In

Sporcle TV

Today on Sporcle TV


Watch our educational content, quiz creation guides, and fun videos on Sporcle TV.

Show Comments

Extras

Top Quizzes Today


Score Distribution

Your Account Isn't Verified!

In order to create a playlist on Sporcle, you need to verify the email address you used during registration. Go to your Sporcle Settings to finish the process.

Report this User

Report this user for behavior that violates our Community Guidelines.

Details: